Matemática Cuarto Medio: texto para el estudiante

Uloženo v:
Podrobná bibliografie
Hlavní autoři: Hojman Guiñerman, Roberto (Autor), Huerta Torchio, Luis (Autor), Yutronic Fernández, Jorge (Autor)
Médium: Kniha
Jazyk:španělština
Vydáno: Santiago Zig-Zag 2002
Vydání:1a. ed
Témata:
Tagy: Přidat tag
Žádné tagy, Buďte první, kdo vytvoří štítek k tomuto záznamu!

MARC

LEADER 00000nam a2200000 a 4500
001 UCL7066
003 CL-VaPUC
008 040430e20020000CL |||||||||||||||||spa|d
020 |a 9561214997 
082 0 4 |a 510.712  |b HOJ  |2 21 
100 |a Hojman Guiñerman, Roberto  |e author  |9 551997 
700 0 |a Huerta Torchio, Luis  |e author  |9 484817 
700 0 |a Yutronic Fernández, Jorge  |e author  |9 484818 
245 1 0 |a Matemática Cuarto Medio: texto para el estudiante 
250 |a 1a. ed 
300 |a 256 p 
942 |c BK 
945 |d 20040430 00:00:00  |a cmena 
260 |a Santiago  |b Zig-Zag  |c 2002 
650 0 |a Matemáticas  |x Enseñanza  |9 875527 
650 0 |a Libros de texto  |9 270019 
583 |a last modification  |c 20040430 00:00:00  |k Rodrigo Vera 
999 |c 308930  |d 308928 
952 |0 0  |1 0  |4 0  |6 510_712000000000000_HOJ_2002  |7 0  |8 A  |9 375893  |a BIBMAT  |b BIBMAT  |c E_DIDACT  |d 2019-11-21  |i 4012070  |o 510.712 HOJ 2002  |p 4012070  |r 2025-01-07  |w 2019-11-21  |y BK  |k MAT 
952 |0 0  |1 0  |4 0  |6 510_712000000000000_HOJ_2002  |7 0  |8 A  |9 375895  |a BIBMAT  |b BIBMAT  |c E_DIDACT  |d 2019-11-21  |i 4253469  |o 510.712 HOJ 2002  |p 4253469  |r 2025-01-07  |w 2019-11-21  |y BK  |k MAT 
952 |0 0  |1 0  |4 0  |6 510_712000000000000_HOJ_2002  |7 0  |8 A  |9 375902  |a BIBMAT  |b BIBMAT  |c E_DIDACT  |d 2019-11-21  |i 4591062  |o 510.712 HOJ 2002  |p 4591062  |r 2025-01-07  |w 2019-11-21  |y BK  |k MAT